Readings in Judaism, Christianity, and Islam / (Record no. 58404)

MARC details
000 -LEADER
fixed length control field 00715nam a2200229 4500
008 - FIXED-LENGTH DATA ELEMENTS--GENERAL INFORMATION
fixed length control field 230306b ||||| |||| 00| 0 eng d
020 ## - INTERNATIONAL STANDARD BOOK NUMBER
International Standard Book Number a 0023250984
020 ## - INTERNATIONAL STANDARD BOOK NUMBER
International Standard Book Number 9780023250989
050 ## - LIBRARY OF CONGRESS CALL NUMBER
Classification number BM561
Item number .R43 1998
245 ## - TITLE STATEMENT
Title Readings in Judaism, Christianity, and Islam /
Statement of responsibility, etc [edited by] John Corrigan ... [et al.].
260 ## - PUBLICATION, DISTRIBUTION, ETC. (IMPRINT)
Place of publication, distribution, etc Upper Saddle River, N.J. :
Name of publisher, distributor, etc Prentice Hall,
Date of publication, distribution, etc c1998.
300 ## - PHYSICAL DESCRIPTION
Extent xvi, 376 p. ;
Dimensions 24 cm.
500 ## - GENERAL NOTE
General note Includes bibliographical references.
650 ## - SUBJECT ADDED ENTRY--TOPICAL TERM
Topical term or geographic name as entry element Judaism.
650 ## - SUBJECT ADDED ENTRY--TOPICAL TERM
Topical term or geographic name as entry element Christianity.
650 ## - SUBJECT ADDED ENTRY--TOPICAL TERM
Topical term or geographic name as entry element Islam.
650 ## - SUBJECT ADDED ENTRY--TOPICAL TERM
Topical term or geographic name as entry element Monotheism.
650 ## - SUBJECT ADDED ENTRY--TOPICAL TERM
Topical term or geographic name as entry element Religion and state.
650 ## - SUBJECT ADDED ENTRY--TOPICAL TERM
Topical term or geographic name as entry element Religion and politics.
700 ## - ADDED ENTRY--PERSONAL NAME
Personal name Corrigan, John
Dates associated with a name 1952-
942 ## - ADDED ENTRY ELEMENTS (KOHA)
Source of classification or shelving scheme Library of Congress Classification
Item type Book
Holdings
Withdrawn status Lost status Source of classification or shelving scheme Damaged status Not for loan Collection code Home library Current library Shelving location Date acquired Source of acquisition Cost, normal purchase price Full call number Barcode Copy number Price effective from Koha item type
    Library of Congress Classification     Non-fiction Joshua & Timothy School of Theology Library (JTSOT) Joshua & Timothy School of Theology Library (JTSOT) General Circulation 06/03/2023 Donations - Overseas Council of Australia 1500.00 BM561 .R43 1998 069578 1 06/03/2023 Book